Leadership communication
Gespeichert in:
| 1. Verfasser: | |
|---|---|
| Format: | Buch |
| Sprache: | Englisch |
| Veröffentlicht: |
New York
McGraw-Hill
2010
|
| Ausgabe: | 3rd ed. |
| Schriftenreihe: | Higher Education
|
| Schlagworte: | |
| Tags: |
Keine Tags, Fügen Sie das erste Tag hinzu!
|
MARC
| LEADER | 00000nam a2200000 4500 | ||
|---|---|---|---|
| 001 | 0118108 | ||
| 005 | 20230109114626.5 | ||
| 020 | |a 978-007-126742-7 | ||
| 041 | 0 | |a eng | |
| 044 | |a US | ||
| 245 | 1 | 0 | |a Leadership communication |c Deborah J. Barrett |
| 250 | |a 3rd ed. | ||
| 250 | |a international ed. | ||
| 264 | 1 | |a New York |b McGraw-Hill |c 2010 | |
| 300 | |a xx, 443 s. | ||
| 490 | 1 | |a Higher Education | |
| 830 | 0 | |a Higher Education | |
| 610 | 2 | 0 | |a komunikácia |
| 610 | 2 | 0 | |a komunikácia manažérska |
| 610 | 2 | 0 | |a lídri |
| 610 | 2 | 0 | |a vodcovstvo |
| 610 | 2 | 0 | |a manažéri |
| 610 | 2 | 0 | |a schopnosti pracovné |
| 610 | 2 | 0 | |a inteligencia |
| 610 | 2 | 0 | |a inteligencia emocionálna |
| 100 | 1 | |a Barrett, Deborah J. | |